000 01415nam a2200409 i 4500
001 38733
003 KOSZ 005
005 20220110113328.0
008 040315s2000 pl a f |001 0 pol
015 _aPB 2004/12064
020 _a838696930X
040 _aWA N
_cWA N
_dKOSZ 005/HR
046 _k2000
080 _a004.3/.4
080 _a004.03
080 _a(07)
100 1 _aCegieła, Rafał
_eAutor
245 1 0 _aRacjonalne zarządzanie przedsięwzięciami informatycznymi i systemami komputerowymi /
_cRafał Cegieła, Andrzej Zalewski.
246 1 8 _aRacjonalne zarządzanie.
260 _aPoznań :
_b"Nakom",
_c2000.
300 _a334 s. :
_brys., tab., wykr. ;
_c23 cm.
380 _aKsiążki
380 _aPublikacje fachowe
388 _a1901-2000
388 _a1989-2000
490 1 _aBiblioteka Użytkownika Mikrokomputerów,
_x0867-6011 ;
_vt. 42.
504 _aBibliogr. s. 324-325. Indeks.
650 4 _aSystemy informatyczne
650 4 _aProjektowanie
655 4 _aPodręcznik
658 _aInformatyka i technologie informacyjne
700 1 _aZalewski, Andrzej
_c(nauki techniczne)
_eAutor
710 2 _aWydawnictwo Nakom
830 0 _aBiblioteka Użytkownika Mikrokomputerów
_vt. 42
856 _uhttp://koha.tu.koszalin.pl/cgi-bin/koha/opac-detail.pl?biblionumber=38733
_yKatalog online BPK
942 _2UKD
_cKS
999 _c38733
_d38733